Využitie zaisťovacích stratégií na menovom trhu bakalárska práca

Gespeichert in:
Bibliographische Detailangaben
1. Verfasser: Výrostková, Simona
Körperschaft: Podnikovohospodárska fakulta EU so sídlom v Košiciach. Katedra kvantitatívnych metód
Weitere Verfasser: Mihalovič, Matúš
Format: Buch
Sprache:Slowakisch
Veröffentlicht: Košice 2018
Tags: Tag hinzufügen
Keine Tags, Fügen Sie das erste Tag hinzu!

MARC

LEADER 00000nbm a2200000 4500
001 0245680
005 20181024125523.1
041 0 |a slo 
044 |a SK 
245 1 0 |a Využitie zaisťovacích stratégií na menovom trhu  |b bakalárska práca  |c Simona Výrostková ; školiteľ: Matúš Mihalovič 
264 1 |a Košice  |c 2018 
300 |a 39 s. 
100 1 |a Výrostková, Simona 
700 1 |a Mihalovič, Matúš 
710 2 |a Podnikovohospodárska fakulta EU so sídlom v Košiciach. Katedra kvantitatívnych metód